Colorín Colorado "Sana Sana" : María y Juanito / (Record no. 22954)

000 -CABECERA
fixed length control field 00781nam a22002177i 4500
003 - IDENTIFICADOR DEL NÚMERO DE CONTROL
control field AR-CdUCM
008 - DATOS DE LONGITUD FIJA--INFORMACIÓN GENERAL
fixed length control field 240802b20212021 pe||||| |||| 00| 0 spa d
040 ## - FUENTE DE LA CATALOGACIÓN
Agencia/entidad que catalogó originalmente la obra MUNICIPALIDAD PROVINCIAL DEL CUSCO
Entidad que transcribió la catalogación BIBLIOTECA MUNICIPAL DEL CUSCO
082 ## - NÚMERO DE LA CLASIFICACIÓN DECIMAL DEWEY
No. de Clasificación PI / 376.36 / S97S
Notacion interna S97S
100 ## - ENTRADA PRINCIPAL--NOMBRE DE PERSONA
Nombre Personal Fundación Suyana.
245 ## - MENCIÓN DE TÍTULO
Título Colorín Colorado "Sana Sana" : María y Juanito /
Resto del título Como ser un niño yachaq y como ayudar a mi comunidad
260 ## - PUBLICACIÓN, DISTRIBUCIÓN, ETC.
Lugar de publicación, distribución, etc. Cusco :
Fecha de publicación, distribución, etc. 2021.
300 ## - DESCRIPCIÓN FÍSICA
Nº de Páginas Extensión 16 páginas. :
Dimensiones 30 cm.
Material acompañante Ilustrado.
505 ## - NOTA DE CONTENIDO CON FORMATO
Nota de contenido formateada Cepillarse los diente -- Lavar las manos -- Dormir bien
650 ## - PUNTO DE ACCESO ADICIONAL DE MATERIA--TÉRMINO DE MATERIA
Descriptor Dormir bien
9 (RLIN) 50213
650 ## - PUNTO DE ACCESO ADICIONAL DE MATERIA--TÉRMINO DE MATERIA
Descriptor Arco nutricional
9 (RLIN) 50214
700 ## - PUNTO DE ACCESO ADICIONAL--NOMBRE DE PERSONA
Nombre Personal María Nicole Prieto
9 (RLIN) 50215
856 ## - LOCALIZACIÓN Y ACCESO ELECTRÓNICOS
Dirección electrónica www.suyana.org
942 ## - ELEMENTOS DE PUNTO DE ACCESO ADICIONAL (KOHA)
Fuente de clasificación
Tipo de item Libros-BMC
945 ## - PROCESAMIENTO DE INFORMACIÓN LOCAL (OCLC)
Catalogador pbj
AAAA-MM-DD - Fecha de ingreso o modificacion 2024-08-02
Holdings
Estado de retiro (separado) Fuente de clasificación o esquema de estanterías Estado dañado Ubicación Sala donde se ubica Nombre de la colección Fecha de adquisición o compra Fuente de adquisición Signatura topográfica Código de Barras Última vez visto (Koha) Tipo de ítem (Koha)
No     Sala de Infantes Sala de Infantes Book Cart 2024-08-02 Donación PI / 376.36 / S97S SI00004899 2024-08-02 Libros-BMC

Powered by Koha